Posada y el grabado mexicano (Record no. 9446)

MARC details
000 -CABECERA
campo de control de longitud fija 00861nam a2200265 a 4500
001 - NÚMERO DE CONTROL
campo de control BRL_634
005 - FECHA Y HORA DE LA ÚLTIMA TRANSACCIÓN
campo de control 20190320210829.0
008 - DATOS DE LONGITUD FIJA--INFORMACIÓN GENERAL
campo de control de longitud fija 300713s1980----mx-a######---#000-0#eng-#
020 ## - NÚMERO INTERNACIONAL ESTÁNDAR DEL LIBRO
Número Internacional Estándar del Libro 9683800092
041 ## - CÓDIGO DE LENGUA
Código de lengua del texto/banda sonora o título independiente eng
044 ## - CÓDIGO DEL PAÍS DE LA ENTIDAD EDITORA/PRODUCTORA
Código MARC del país mx
050 #4 - SIGNATURA TOPOGRÁFICA DE LA BIBLIOTECA DEL CONGRESO
Número de clasificación NE546.P6
Número de documento/Ítem .C37 1980
100 1# - ENTRADA PRINCIPAL--NOMBRE DE PERSONA
Nombre de persona Carrillo A., Rafael
9 (RLIN) 23564
245 10 - MENCIÓN DE TÍTULO
Título Posada y el grabado mexicano
Resto del título desde el famoso grabador de temas populares hasta los artistas contemporáneos
Mención de responsabilidad, etc. Rafael Carrillo A.
260 ## - PUBLICACIÓN, DISTRIBUCIÓN, ETC.
Lugar de publicación, distribución, etc. México
Nombre del editor, distribuidor, etc. Panorama
Fecha de publicación, distribución, etc. 1980
300 ## - DESCRIPCIÓN FÍSICA
Extensión 80 p.
Otras características físicas il., 35 h. de grabados
Dimensiones 18 cm.
440 #0 - MENCIÓN DE SERIE/PUNTO DE ACCESO ADICIONAL--TÍTULO
Título Colección Panorama
9 (RLIN) 22783
500 ## - NOTA GENERAL
Nota general Incluye dedicatoria a Ruth Lechuga
500 ## - NOTA GENERAL
Nota general La biblioteca cuenta con la edición en inglés
500 ## - NOTA GENERAL
Nota general Au320
600 14 - PUNTO DE ACCESO ADICIONAL DE MATERIA--NOMBRE DE PERSONA
Nombre de persona Posada, José Guadalupe
Fechas asociadas al nombre 1852-1913
9 (RLIN) 4998
651 #4 - PUNTO DE ACCESO ADICIONAL DE MATERIA--NOMBRE GEOGRÁFICO
Nombre geográfico México
Subdivisión general En el arte
9 (RLIN) 5715
902 ## - CATALOGADOR
Iniciales GRL
942 ## - ELEMENTOS DE PUNTO DE ACCESO ADICIONAL (KOHA)
Fuente del sistema de clasificación o colocación Library of Congress Classification
Tipo de ítem Koha Libros
Holdings
Estado de retiro Estado de pérdida Estado dañado No para préstamo Localización permanente Ubicación/localización actual Fecha de adquisición Número de inventario Total de préstamos Signatura topográfica completa Código de barras Fecha visto por última vez Precio válido a partir de Tipo de ítem Koha
El ejemplar forma parte de la colección y puede ser consultado según las políticas vigentes.       Biblioteca Centro de Estudios Ruth D. Lechuga Biblioteca Centro de Estudios Ruth D. Lechuga 13/09/2013 Au320   NE546.P6 .C37 1980 (Au320) GRL00701 22/03/2019 22/03/2019 Libros